000 00293nam a22001337a 4500
008 170505b xxu||||| |||| 00| 0 eng d
020 _a9780314202765
041 _aeng
080 _24TH
_a34
100 _a15
101 _aSHJ
245 _aCRIMINAL PROCEDURE
_cDRESSLER, J
942 _2udc
_cBK
999 _c12748
_d12748